| 000 | 00551cam a2200205ua 4500 | ||
|---|---|---|---|
| 020 | _c2.50 | ||
| 041 |
_aeng _h |
||
| 082 |
_a925 _bTHO/LI |
||
| 100 | _aThomas, Henry . | ||
| 245 |
_aLiving biographies of great scientists / _cHenry Thomas. _hTextual Documents |
||
| 260 |
_aMumbai : _bBharatiya Vidya Bhavan , _c1961. |
||
| 300 | _a233 ; . | ||
| 365 | _a2.50 | ||
| 440 | 0 |
_aBhavan`s book university, _v _x; |
|
| 490 | 0 |
_aBhavan`s book university, _v _x; |
|
| 504 | _a | ||
| 700 | 1 | _aThomas, Dana . | |
| 942 | _cBK | ||
| 999 |
_c6093 _d6093 |
||